[Event "Helsinki HSK op"]
[Site "Helsinki"]
[Date "1996.??.??"]
[Round "3"]
[White "Manninen, Marko"]
[Black "Veingold, Aleksandr"]
[Result "1/2-1/2"]
[WhiteElo "2380"]
[BlackElo "2425"]

1.d4 Nf6 2.c4 e6 3.Nf3 b6 4.g3 Ba6 5.Nbd2 d5 6.Bg2 Be7 7.O-O O-O 8.b3 c5
9.Bb2 Nc6 10.Rc1 Rc8 11.cxd5 exd5 12.dxc5 Bxc5 13.Bh3 Re8 14.Re1 Rc7 15.a3 Ne4
16.e3 Bf8 17.b4 Nxd2 18.Nxd2 d4 19.Nf3 dxe3 20.Rxe3 Rxe3 21.Qxd8 Nxd8 22.fxe3 Rxc1+
23.Bxc1 Bb7 24.Nd4  1/2-1/2

[Event "FIN-ch"]
[Site "Helsinki"]
[Date "1996.??.??"]
[Round "7"]
[White "Maki Uuro, Miikka"]
[Black "Lassila, Erkki"]
[Result "1-0"]
[WhiteElo "2265"]
[BlackElo "2190"]

1.d4 Nf6 2.c4 e6 3.Nf3 b6 4.g3 Ba6 5.Nbd2 c5 6.e4 cxd4 7.e5 Ng4 8.h3 Nh6
9.Bg2 Nc6 10.O-O Nf5 11.Qa4 Bb7 12.Ne4 h5 13.a3 Be7 14.Re1 Kf8 15.Bf4 f6
16.h4 Nh6 17.exf6 gxf6 18.Nd6 Bxd6 19.Bxd6+ Kg7 20.Nxd4 Nf7 21.Bxc6 Bxc6
22.Qxc6 dxc6 23.Nxe6+ Kg6 24.Nxd8 Nxd6 25.Nxc6 Nxc4 26.b3 Nd2 27.Re3 Rhe8
28.Rd3 Ne4 29.b4 Re6 30.Rc1 Nc5 31.Rd8 Rxd8 32.Nxd8 Rd6 33.bxc5 Rxd8 34.c6 Rc8
35.Kf1 Rc7 36.Ke2 Kf5 37.f3 a6 38.Ke3 Ke5 39.g4 hxg4 40.fxg4 b5 41.h5 a5
42.h6 Kd6 43.Kf4 b4 44.axb4 axb4 45.Kf5 b3 46.Rb1 Kxc6 47.Rxb3  1-0

[Event "ROM-chT"]
[Site "Herculane"]
[Date "1996.??.??"]
[Round "?"]
[White "Marasescu, Ioan"]
[Black "Ionescu, Constantin"]
[Result "1/2-1/2"]
[WhiteElo "2335"]
[BlackElo "2520"]

1.d4 Nf6 2.Nf3 e6 3.c4 b6 4.g3 Ba6 5.b3 Bb7 6.Bg2 Bb4+ 7.Bd2 a5 8.Nc3 O-O
9.O-O d6 10.Qc2 Nbd7 11.Ne1 Bxg2 12.Nxg2 c6 13.Nb1 Bxd2 14.Nxd2 e5 15.dxe5 dxe5
16.Rfd1 Qe7 17.Ne4 Nc5 18.Nxc5 Qxc5 19.Ne3 g6 20.Qb2 Rfd8 21.Rxd8+ Rxd8 22.Rd1 Rxd1+
23.Nxd1 Ne4 24.Kg2 b5 25.f3 Nd6 26.cxb5 cxb5 27.Qd2 b4 28.Ne3 f5 29.Qd5+ Qxd5
30.Nxd5 Kf7 31.Kf2 Ke6 32.Nb6 f4 33.gxf4 exf4 34.e3 Ke5 35.Ke2 fxe3 36.Kxe3 g5
37.Nd7+ Kf5 38.Nb8 Nb5  1/2-1/2

[Event "HUN-chT1 9596"]
[Site "HUN"]
[Date "1996.??.??"]
[Round "10"]
[White "Gschnitzer, Oswald"]
[Black "Dao Thien Hai"]
[Result "1/2-1/2"]
[WhiteElo "2465"]
[BlackElo "2480"]

1.d4 Nf6 2.c4 e6 3.Nf3 b6 4.g3 Ba6 5.Nbd2 Bb7 6.Bg2 c5 7.e4 cxd4 8.e5 Ne4
9.Nxe4 Bxe4 10.Qxd4 Bxf3 11.Bxf3 Nc6 12.Bxc6 dxc6 13.Qe4 Qc7 14.Be3 Be7 15.O-O-O O-O
16.h4 Rad8 17.Bg5 h6 18.Bxe7 Qxe7 19.Rxd8 Rxd8 20.Rd1  1/2-1/2

[Event "HUN-chT1 9697"]
[Site "Hungary"]
[Date "1996.??.??"]
[Round "1"]
[White "Petran, Pal"]
[Black "Karolyi, Tibor Jr"]
[Result "1/2-1/2"]
[WhiteElo "2440"]
[BlackElo "2390"]

1.d4 Nf6 2.c4 e6 3.Nf3 b6 4.g3 Ba6 5.b3 Bb4+ 6.Bd2 Be7 7.Bg2 c6 8.Bc3 d5
9.Nbd2 Nbd7 10.O-O O-O 11.Re1 Bb7 12.e4 a5 13.Qc2 Rc8 14.Rad1 Qc7 15.Bf1  1/2-1/2

[Event "HUN-chT1 9697"]
[Site "Hungary"]
[Date "1996.??.??"]
[Round "1"]
[White "Horvath, Csaba"]
[Black "Gyorkos, Lajos"]
[Result "1/2-1/2"]
[WhiteElo "2540"]
[BlackElo "2390"]

1.d4 Nf6 2.c4 e6 3.Nf3 b6 4.g3 Ba6 5.b3 b5 6.cxb5 Bxb5 7.Bg2 Bc6 8.O-O a5
9.Nc3 Bb4 10.Bb2 O-O 11.Rc1 Qe7 12.Ne5 Bxg2 13.Kxg2 Na6 14.e3 Rfc8 15.Qf3  1/2-1/2

[Event "ISR-chT"]
[Site "Israel"]
[Date "1996.??.??"]
[Round "5"]
[White "Avrukh, Boris"]
[Black "Kaspi, Alexander"]
[Result "0-1"]
[WhiteElo "2495"]
[BlackElo "2475"]

1.d4 Nf6 2.c4 e6 3.Nf3 b6 4.g3 Ba6 5.b3 Bb4+ 6.Bd2 Be7 7.Bg2 c6 8.Bc3 d5
9.Ne5 Nfd7 10.Nxd7 Nxd7 11.Nd2 O-O 12.O-O f5 13.a4 Nf6 14.e3 Rc8 15.Re1 Ne4
16.Nxe4 fxe4 17.Qg4 Rf6 18.Rec1 Qf8 19.Rc2 Qf7 20.Be1 h5 21.Qd1 Rf8 22.Rac1 Qg6
23.Bh3 Qh6 24.b4 h4 25.Bf1 hxg3 26.hxg3 Bd6 27.Bg2 Bxg3 28.fxg3 Qxe3+ 29.Kh2 Rh6+
30.Bh3 Rf1 31.Rg2 Rxh3+ 32.Kxh3 Qh6+ 33.Kg4 e5  0-1

[Event "ISR-chT"]
[Site "Israel"]
[Date "1996.??.??"]
[Round "6"]
[White "Huzman, Alexander"]
[Black "Har Zvi, Ronen"]
[Result "1-0"]
[WhiteElo "2570"]
[BlackElo "2510"]

1.d4 Nf6 2.c4 e6 3.Nf3 b6 4.g3 Ba6 5.Nbd2 Bb7 6.Bg2 c5 7.e4 cxd4 8.O-O d6
9.Nxd4 Nbd7 10.Re1 Qc7 11.a4 a6 12.a5 Be7 13.N2b3 Rc8 14.axb6 Nxb6 15.Na5 Ba8
16.b3 Nfd7 17.Be3 O-O 18.Rc1 Rfe8 19.Re2 Nc5 20.Qc2 Nb7 21.Nac6 Bf8 22.Na7 Rb8
23.Ndc6 Nd8 24.Nxb8 Qxb8 25.Qa2 Qxa7 26.Qa5 Nc6 27.Qxb6 Qxb6 28.Bxb6 Rb8
29.Be3 Rxb3 30.Ra2 a5 31.Raa1 g6 32.Rcb1 a4 33.e5 Rxb1+ 34.Rxb1 dxe5 35.Ra1 a3
36.c5  1-0

[Event "ISR-chT"]
[Site "Israel"]
[Date "1996.??.??"]
[Round "10"]
[White "Avrukh, Boris"]
[Black "Kogan, Artur"]
[Result "1/2-1/2"]
[WhiteElo "2495"]
[BlackElo "2485"]

1.d4 Nf6 2.c4 e6 3.Nf3 b6 4.g3 Ba6 5.b3 Bb7 6.Bg2 Bb4+ 7.Bd2 a5 8.O-O O-O
9.Qc2 Be4 10.Qb2 Nc6 11.Rc1 h6 12.a3 Be7 13.e3 Bh7 14.Nc3 Ne4 15.d5 Nxd2
16.Qxd2 Nb8 17.Ne5 Ra6 18.dxe6 fxe6 19.Be4 Bxe4 20.Nxe4 Bf6 21.Ng6 Rf7 22.Ra2 Nc6
23.Qe2 Ra8 24.Rd2 Ne5 25.Nxe5 Bxe5 26.c5 bxc5 27.Rxc5 d5 28.f4 Bd6 29.Nxd6 Qxd6
30.Rdc2 e5 31.Qd3 exf4 32.gxf4 d4 33.Qxd4 Qxd4 34.exd4 Rxf4 35.d5 Rd4 36.Rxc7  1/2-1/2

[Event "Jaemsae op"]
[Site "Jaemsae"]
[Date "1996.??.??"]
[Round "5"]
[White "Manninen, Marko"]
[Black "Tolonen, Leo Toivovich"]
[Result "1/2-1/2"]
[WhiteElo "2380"]
[BlackElo "2335"]

1.d4 e6 2.c4 Nf6 3.Nf3 b6 4.g3 Ba6 5.Nbd2 c5 6.Bg2 Bb7 7.d5 exd5 8.Nh4 g6
9.cxd5 d6 10.Nc4 Ba6 11.Qb3 Bxc4 12.Qxc4 Bg7 13.O-O O-O 14.h3 a6 15.e4 b5
16.Qc2 Nbd7 17.Be3 Re8 18.Rfe1 Rc8 19.Rad1 c4 20.Bd4 Nc5 21.Bxc5 Rxc5 22.Nf3 Nd7
23.Re2 Qb6 24.Kh2 Rc7 25.Rde1 Nc5 26.e5 Rce7 27.exd6 Qxd6 28.Rxe7 Rxe7 29.Rxe7 Qxe7
30.Qd2 Qf6 31.Qe3 Qd6 32.Qe8+ Bf8 33.Ng5 Qe7 34.Qxe7 Bxe7 35.Ne4 Nxe4 36.Bxe4 a5
37.b3  1/2-1/2

[Event "Jyvaskyla op"]
[Site "Jyvaskyla"]
[Date "1996.??.??"]
[Round "?"]
[White "Pessi, Juha"]
[Black "Laihonen, Petteri"]
[Result "0-1"]
[WhiteElo "2235"]
[BlackElo "2245"]

1.d4 Nf6 2.c4 e6 3.Nf3 b6 4.g3 Ba6 5.Nbd2 Bb7 6.Bg2 c5 7.O-O Be7 8.Nb3 O-O
9.Bg5 d6 10.Bxf6 Bxf6 11.Qd3 Qc7 12.e4 Nd7 13.Rac1 Rfd8 14.Rfd1 Rac8 15.Qe2 Qb8
16.d5 exd5 17.exd5 Re8 18.Qc2 Re7 19.Re1 Rce8 20.Nbd2 g6 21.h4 Bg7 22.a3 Nf6
23.b4 Bc8 24.Qa4 Bd7 25.Qa6 Ng4 26.Rxe7 Rxe7 27.Bf1 Bh6 28.Bd3 Ne5 29.Nxe5 Rxe5
30.Rc2 Re1+ 31.Nf1 Bh3 32.Qa4 Qc8 33.f4 Qg4 34.Kf2 Bxf1 35.Bxf1 Qd1 36.Be2 Rxe2+  0-1

[Event "Jyvaskyla op2"]
[Site "Jyvaskyla"]
[Date "1996.??.??"]
[Round "8"]
[White "Veingold, Aleksandr"]
[Black "Akesson, Ralf"]
[Result "1/2-1/2"]
[WhiteElo "2425"]
[BlackElo "2505"]

1.d4 Nf6 2.Nf3 e6 3.c4 b6 4.g3 Ba6 5.b3 Bb4+ 6.Bd2 Be7 7.Bg2 Bb7 8.Nc3 O-O
9.Qc2 d5 10.cxd5 exd5 11.O-O Na6 12.Rad1 Qc8 13.Ng5 h6 14.Nxd5 Bxd5 15.Bxd5 hxg5
16.Bxa8 Qxa8 17.Qc4 Qb7 18.Bxg5 b5 19.Qc1 Re8 20.f3 c5 21.Bxf6 Bxf6 22.dxc5 Rxe2
23.Rf2 Qe7 24.Kf1 Rxf2+ 25.Kxf2 Nxc5 26.h4 b4 27.Rd5 Bc3 28.Qe3 Ne6 29.Kg2 Qb7
30.Qd3 Qc7 31.Qc4 Qe7 32.Qe4 Qb7 33.Qd3 Nf8 34.Rd8 Bf6 35.Rd5 Be7 36.Qb5 Qc7
37.Qc4 Qb6 38.Qb5 Qf6 39.Qe2 Bd6 40.Qc2 Qe7 41.Qd2 Bc5 42.Qc2 Ne6 43.Qe4 Qc7
44.f4 Be7 45.Rd2 Bf8 46.f5 Nc5 47.Qe8 Nd3 48.Qe4 Ne5 49.Re2 f6 50.g4 Qd7
51.g5 Qd1 52.Re1 Qd6 53.g6 Be7 54.Re2 Bf8 55.Qb7 Be7 56.Qc8+ Bf8 57.Qb7 Be7
58.Qc8+ Bf8 59.Qb7  1/2-1/2

[Event "La Coruna op"]
[Site "La Coruna"]
[Date "1996.??.??"]
[Round "?"]
[White "Damljanovic, Branko"]
[Black "Pogorelov, Ruslan"]
[Result "1/2-1/2"]
[WhiteElo "2470"]
[BlackElo "2450"]

1.Nf3 Nf6 2.c4 e6 3.d4 b6 4.g3 Ba6 5.b3 Bb4+ 6.Bd2 Be7 7.Bg2 c6 8.Bc3 d5
9.Nbd2 Nbd7 10.O-O O-O 11.Qc2 c5 12.Rfd1 Rc8 13.a4 Qc7 14.Qb2 dxc4 15.bxc4 Bb7
16.e3 Bc6 17.Ne1 Bxg2 18.Nxg2 cxd4 19.exd4 Bd6 20.Ne3 Rfe8 21.a5 e5 22.axb6 axb6
23.Nf3 exd4 24.Bxd4 Qc6 25.Nd2 Be5 26.Bxe5 Nxe5 27.Qb5 Qxb5 28.cxb5 Rc5 29.Rab1 h6
30.Kg2 Ra8 31.Rdc1 Rxc1 32.Rxc1 Ra5 33.Rc8+ Kh7 34.Ndc4 Rxb5 35.Nxe5 Rxe5
36.Nc4 Re6 37.Rb8 Nd5 38.Rb7 f6 39.h4 h5 40.Kf3 Rc6 41.Nd2 Nc3 42.Nb3 Rd6
43.Ke3 Kg6 44.f3 Re6+ 45.Kf2 Nd1+ 46.Kf1 Ne3+ 47.Kf2 Nf5 48.Nc1 Rc6 49.Ne2 Kh6
50.Rb8 Kh7 51.Ke1 g5 52.hxg5 fxg5 53.g4 hxg4 54.fxg4 Nh6 55.Nd4 Rf6 56.Ke2 Nxg4
57.Nf3 Re6+ 58.Kd2 Rd6+ 59.Ke2 Kg6 60.Rg8+ Kf5 61.Nxg5 Nf6 62.Rg7 Nh5 63.Rg8 Nf4+
64.Ke1 b5 65.Nf3 Ke4 66.Nd2+ Kd3 67.Kd1 Nd5 68.Nf1 Nc3+ 69.Kc1 Ne2+ 70.Kb2 Rd4
71.Ng3 Nc3 72.Kb3 Nd5 73.Rd8 Rb4+ 74.Ka3 Kc2 75.Rc8+ Rc4 76.Rxc4+ bxc4 77.Ne4 Kd3
78.Nc5+ Kd4 79.Ne6+ Ke3 80.Kb2 Kd2 81.Nd4 c3+ 82.Kb3 Kd3 83.Nc2 Nf4 84.Ne1+ Kd2
85.Nf3+  1/2-1/2

[Event "La Coruna op"]
[Site "La Coruna"]
[Date "1996.??.??"]
[Round "?"]
[White "Jove Rey, David"]
[Black "Rodriguez Lopez, Rafael"]
[Result "0-1"]
[WhiteElo "2130"]
[BlackElo "2410"]

1.d4 Nf6 2.c4 e6 3.Nf3 b6 4.g3 Ba6 5.Nbd2 Bb7 6.Bg2 c5 7.O-O cxd4 8.Nxd4 Bxg2
9.Kxg2 Bc5 10.N2f3 Qc7 11.b3 O-O 12.Bb2 Qb7 13.Kg1 Be7 14.Qc2 Na6 15.Rad1 Rac8
16.Qb1 Nc5 17.Nd2 Rfd8 18.Rfe1 Nce4 19.Nxe4 Nxe4 20.f3 Nf6 21.e4 d6 22.a4 a6
23.Re2 Ne8 24.Red2 Nc7 25.Ba3 b5 26.Kg2 Bf8 27.Qd3 bxa4 28.bxa4 Ne8 29.Rb1 Qc7
30.Rc2 Nf6 31.Ne2 d5 32.exd5 exd5 33.c5 Qa5 34.Qd4 Nd7 35.Rbc1 Nb8 36.Qb4 Qc7
37.Nd4 Nc6 38.Nxc6 Qxc6 39.Qd4 Be7 40.Bb2 Bf6 41.Qd3 d4 42.Rc4 Rd5 43.Rd1 Rcd8
44.Ba3 Re8 45.Bb2 Re3 46.Qb1 g6 47.Bxd4 Rxd4 48.Rcxd4 Qxf3+ 49.Kg1 Re2  0-1

[Event "Las Palmas op"]
[Site "Las Palmas"]
[Date "1996.??.??"]
[Round "7"]
[White "Izeta Txabarri, Felix"]
[Black "Maric, Alisa"]
[Result "1/2-1/2"]
[WhiteElo "2525"]
[BlackElo "2460"]

1.d4 Nf6 2.Nf3 e6 3.c4 b6 4.g3 Ba6 5.b3 d5 6.Bg2 c5 7.dxc5 Bxc5 8.Nc3 Bb7
9.Ne5 O-O 10.O-O Qc8 11.Bb2 dxc4 12.Bxb7 Qxb7 13.Nxc4 Nc6 14.e3 Nb4 15.Qe2 Rfd8
16.Rfd1 Nbd5 17.Nxd5 Nxd5 18.Rd2 Bb4 19.Rd3 b5 20.Ne5 Be7 21.Rad1 Nf6 22.Ng4 Rxd3
23.Nxf6+ Bxf6 24.Qxd3 Be7 25.Qd7 Qxd7 26.Rxd7 Bc5 27.Bd4 Bxd4 28.Rxd4 Kf8
29.Rd7 a5 30.Rb7 b4 31.e4 Rd8 32.Rb5 Ra8 33.Kf1 Ra7 34.Ke2 Ke7 35.e5 Kd7
36.Rc5 a4 37.Rb5 axb3 38.axb3 Kc6 39.Rxb4 Kc5 40.Rg4 g6 41.Rh4 h5 42.Re4 Ra2+
43.Kf3 Rb2 44.Re3 Kd4 45.h4 Kd5 46.Kg2 Kd4 47.Kg1 Rb1+ 48.Kh2 Rb2 49.Kg2 Rb1
50.Kf3 Rb2 51.Re2 Rxb3+ 52.Kf4 Kd5 53.Rd2+ Kc6 54.Rd4 Rb2 55.f3 Rb3 56.g4 Kc7
57.gxh5 gxh5 58.Rd1 Kc8 59.Rf1 Kd7 60.Kg5 Ke7 61.Kxh5 Re3 62.f4 f6 63.exf6+ Kxf6
64.Kg4 Re2 65.Rh1 e5  1/2-1/2

[Event "Le Touquet op"]
[Site "Le Touquet"]
[Date "1996.??.??"]
[Round "?"]
[White "Roeder, Mathias"]
[Black "Chuchelov, Vladimir"]
[Result "0-1"]
[WhiteElo "2445"]
[BlackElo "2510"]

1.d4 Nf6 2.c4 e6 3.Nf3 b6 4.g3 Ba6 5.b3 Bb4+ 6.Bd2 Be7 7.Bg2 d5 8.cxd5 exd5
9.O-O Bb7 10.Nc3 O-O 11.Qc2 Na6 12.Ne5 c5 13.Nd3 Qd7 14.dxc5 bxc5 15.Bg5 h6
16.Bxf6 Bxf6 17.Rad1 Qf5 18.Rfe1 Rfe8 19.Nb5 Qd7 20.a4 Qe7 21.Qc1 c4 22.bxc4 Rac8
23.Qe3 Qd8 24.Qxa7 Re7 25.e4 d4 26.c5 Rc6 27.e5 Ba8 28.Qxa8 Qxa8 29.Nxd4 Nb8
30.exf6 Rxe1+ 31.Rxe1 Qxa4 32.Re8+ Kh7 33.fxg7 Rg6 34.Rxb8 Qxd4 35.Nf4 Rxg7
36.c6 Qa1+ 37.Bf1 Qc1 38.Rc8 Qxf4 39.Bd3+ f5 40.c7 Qc1+ 41.Kg2 Rxc7 42.Bxf5+ Kg7  0-1

[Event "Leiner op"]
[Site "Leiner"]
[Date "1996.??.??"]
[Round "1"]
[White "Deutsch, Ludwig"]
[Black "Farago, Ivan"]
[Result "0-1"]
[WhiteElo "2525"]
[BlackElo "2250"]

1.d4 Nf6 2.Nf3 e6 3.c4 b6 4.g3 Ba6 5.e3 Be7 6.Nbd2 c5 7.Bg2 O-O 8.O-O d5
9.b3 Nc6 10.Bb2 Rc8 11.Re1 cxd4 12.Nxd4 Nxd4 13.Bxd4 dxc4 14.Nxc4 Bxc4 15.bxc4 Rxc4
16.Bf1 Rc7 17.Qb3 Qd5 18.Bxf6 Qxb3 19.axb3 Bxf6 20.Rac1 Rfc8 21.Rxc7 Rxc7
22.Rd1 Kf8 23.Ba6 Be7 24.Kf1 Rc3 25.Rb1 Bb4 26.Kg2 Ke7 27.Kf3 h6 28.h4 Rc2
29.Rd1 Ra2 30.Bb5 Bd6 31.Rd4 a6 32.Bc6 Rb2 33.Rd3 f5 34.Kg2 b5 35.Bb7 Ra2
36.Bc6 Rc2 37.Bf3 a5 38.Bd1 Ra2 39.g4 fxg4 40.Bxg4 a4 41.bxa4 bxa4 42.Rd4 a3
43.Re4 e5 44.Ra4 Rd2 45.Bc8 Bc5 46.Kf3 Kf6 47.Ra6+ Bd6 48.Ke4 Kf7 49.f3 Kg6
50.Be6 Kh5 51.Bd5 Bc5 52.Ra5 Be7 53.Ra4 Kxh4 54.Ra7 Bc5 55.Rxg7 a2 56.Rg1 Bxe3
57.Ra1 Bf4 58.Bxa2 Kg5  0-1

[Event "Leiner op"]
[Site "Leiner"]
[Date "1996.??.??"]
[Round "3"]
[White "Horvath, Csaba"]
[Black "Grosar, Aljosa"]
[Result "1-0"]
[WhiteElo "2540"]
[BlackElo "2470"]

1.d4 Nf6 2.c4 e6 3.Nf3 b6 4.g3 Ba6 5.b3 Bb7 6.Bg2 Bb4+ 7.Bd2 a5 8.O-O O-O
9.Qc2 c5 10.dxc5 Bxc5 11.Nc3 Na6 12.Rad1 d5 13.cxd5 Nb4 14.Qb1 Nbxd5 15.Na4 Qe7
16.Nxc5 bxc5 17.Ne5 a4 18.e4 Nb4 19.a3 Nc6 20.Nxc6 Bxc6 21.b4 Rfc8 22.bxc5 Qxc5
23.Bb4 Qh5 24.Rd6 Bb5 25.Rc1 Ng4 26.h3 Ne5 27.Rxc8+ Rxc8 28.Qc2 Nc4 29.Rd3 h6
30.Rc3 Qe5 31.Bf1 Qd4 32.Bd3 e5 33.Bf1 Kh7 34.Qd3 Qxd3 35.Bxd3 Kg6 36.f4 f6
37.f5+ Kh7 38.Kf2 g6 39.fxg6+ Kxg6 40.Be2 h5 41.h4 Rc6 42.Kg2 Kh6 43.g4 Nxa3
44.Rxc6 Bxc6 45.Bf8+ Kh7 46.Bxa3 Bxe4+ 47.Kg3 hxg4 48.Kxg4 Bc2 49.Bb5 Kg7
50.Bd7 Bd1+ 51.Kf5 Bc2+ 52.Ke6 Bb3+ 53.Ke7 Bd1 54.Bc1 Bc2 55.h5 f5 56.Ke6 a3
57.Bxa3 f4  1-0

[Event "Leiner op"]
[Site "Leiner"]
[Date "1996.??.??"]
[Round "9"]
[White "Serdt, Simon"]
[Black "Horvath, Tamas"]
[Result "1-0"]
[WhiteElo "2260"]
[BlackElo "2410"]

1.d4 Nf6 2.c4 e6 3.Nf3 b6 4.g3 Ba6 5.b3 b5 6.cxb5 Bxb5 7.Bg2 c5 8.O-O Bc6
9.Bb2 a5 10.Nc3 Na6 11.Rc1 Be7 12.e4 Nxe4 13.Nxe4 Bxe4 14.dxc5 f6 15.Re1 Bc6
16.Nd4 Bxg2 17.Kxg2 Nc7 18.c6 Kf7 19.cxd7 Qxd7 20.Qe2 Rhe8 21.Rxc7 Qxc7 22.Qxe6+ Kf8
23.Qd5 Qd6 24.Qc4 Rac8 25.Ne6+ Kg8 26.Nc7+ Kf8 27.Nxe8 Rxe8 28.Bc3 Qb6 29.Qe4 Qc7
30.Bd2 Qc5 31.Re2 h6 32.Qe6 Ra8 33.Qe4 Ra6 34.Qb7 Ra7 35.Qe4 Ra6 36.Bf4 Qc6
37.Qxc6 Rxc6 38.Bd2 Rc2 39.a4 Rb2 40.Kf1 Bd8 41.Bb4+  1-0

[Event "Leiner op"]
[Site "Leiner"]
[Date "1996.??.??"]
[Round "9"]
[White "Horvath, J."]
[Black "Farago, Ivan"]
[Result "0-1"]
[WhiteElo "2505"]
[BlackElo "2525"]

1.d4 Nf6 2.c4 e6 3.Nf3 b6 4.g3 Ba6 5.b3 Bb4+ 6.Bd2 Be7 7.Bg2 d5 8.cxd5 exd5
9.Nc3 O-O 10.O-O Bb7 11.Ne5 Na6 12.Qc2 h6 13.Rfd1 Re8 14.Qb2 Bf8 15.Rac1 Qc8
16.Be3 Qe6 17.Nd3 Qe7 18.h3 c6 19.Kh2 Rac8 20.Rc2 Ne4 21.Nxe4 dxe4 22.Nf4 Nb4
23.Rc4 Ba6 24.Rxb4 Qxb4 25.d5 cxd5 26.Rxd5 Qc3 27.Qb1 Qc2 28.Qa1 Rcd8 29.Bd4 Rxd5
30.Nxd5 Bxe2 31.Nf4 Bf3 32.Bxf3 exf3 33.Nh5 Re2  0-1

[Event "Anibal op 3rd"]
[Site "Linares"]
[Date "1996.??.??"]
[Round "?"]
[White "Hjartarson, Johann"]
[Black "Aseev, Konstantin N"]
[Result "1/2-1/2"]
[WhiteElo "2570"]
[BlackElo "2530"]

1.d4 Nf6 2.c4 e6 3.Nf3 b6 4.g3 Ba6 5.b3 Bb4+ 6.Bd2 Be7 7.Bg2 Bb7 8.Nc3 d5
9.cxd5 exd5 10.O-O O-O 11.Qc2 Na6 12.Rfd1 Qc8 13.Bf4 Rd8 14.a3 c5 15.dxc5 bxc5
16.Nh4 Qe6 17.Nf5 Bf8 18.Nb5 Qb6 19.a4 Nb4 20.Qb2 Ne8  1/2-1/2

[Event "Ljubljana op"]
[Site "Ljubljana"]
[Date "1996.??.??"]
[Round "7"]
[White "Burmakin, Vladimir"]
[Black "Podlesnik, Bogdan"]
[Result "0-1"]
[WhiteElo "2535"]
[BlackElo "2410"]

1.d4 Nf6 2.c4 e6 3.Nf3 b6 4.g3 Ba6 5.b3 d5 6.Bg2 dxc4 7.Ne5 Bb4+ 8.Kf1 Bd6
9.Nxc4 Nd5 10.e4 Ne7 11.Kg1 Bxc4 12.bxc4 O-O 13.Bb2 Nbc6 14.Nd2 e5 15.d5 Na5
16.Bh3 f5 17.exf5 Nxf5 18.Qe2 Qe7 19.Kg2 Rae8 20.Ne4 Bc5 21.Rhf1 Nb7 22.Rad1 Kh8
23.Qh5 g6 24.Qg5 Bd4 25.Qxe7 Rxe7 26.Ba3 Nfd6 27.Ng5 Nc5 28.Bxc5 bxc5 29.Ne6 Rb8
30.Rb1 Rb6 31.Rfc1 Rf7 32.f3 Nxc4 33.Rxb6 Ne3+ 34.Kh1 axb6 35.f4 exf4 36.Nxf4 g5
37.Be6 gxf4 38.Bxf7 f3 39.Bh5 f2 40.Be2 Kg7 41.g4 b5 42.h4 c4 43.Kh2 Bb2
44.Rh1 c3 45.Kg3 f1=N+  0-1

[Event "Wch U20"]
[Site "Medellin"]
[Date "1996.??.??"]
[Round "11"]
[White "Gyimesi, Zoltan"]
[Black "Shariyazdanov, Andrey"]
[Result "1-0"]
[WhiteElo "2480"]
[BlackElo "2470"]

1.d4 Nf6 2.c4 e6 3.Nf3 b6 4.g3 Ba6 5.b3 Bb4+ 6.Bd2 Be7 7.Bg2 c6 8.Bc3 d5
9.Nbd2 Nbd7 10.O-O O-O 11.Re1 Bb7 12.e4 Nxe4 13.Nxe4 dxe4 14.Rxe4 Qc7 15.Re2 Rfd8
16.Qc2 Bf6 17.Rd1 Nf8 18.Red2 Ng6 19.h4 h6 20.Nh2 a5 21.Qb2 b5 22.a3 bxc4
23.bxc4 Ba6 24.Ng4 Be7 25.h5 Nf8 26.Ne5 Rdb8 27.Qc2 Bb7 28.c5 Nd7 29.Nxf7 Kxf7
30.Qg6+ Kf8 31.d5 Ne5 32.Qxe6 Bf6 33.dxc6 Bxc6 34.Bxe5 Qxe5 35.Qxc6 Rc8 36.Qa4 Rab8
37.c6 Qxh5 38.Qc4 Qf7 39.Qc5+ Qe7 40.Qxa5 Ra8 41.Qf5 Re8 42.Qh7 Rxa3 43.Bd5  1-0

[Event "Metz op"]
[Site "Metz"]
[Date "1996.??.??"]
[Round "?"]
[White "Bogdanov, Valentin"]
[Black "Lerner, Konstantin Z"]
[Result "1/2-1/2"]
[WhiteElo "2450"]
[BlackElo "2595"]

1.d4 Nf6 2.Nf3 e6 3.c4 b6 4.g3 Ba6 5.b3 Bb4+ 6.Bd2 Be7 7.Bg2 O-O 8.O-O Bb7
9.Nc3 d5 10.cxd5 exd5 11.Qc2 Na6 12.Rad1 c5 13.Bf4 Qc8 14.Qb2 h6 15.Be5 Qe6
16.Bxf6 Bxf6 17.e3 Rfd8 18.Ne2 Nc7 19.Nf4 Qe7 20.Nh5 Ne8 21.Nxf6+ Nxf6 22.Rc1 Ne4
23.Nd2 Ng5 24.Nf3 Ne6 25.Rfd1 a5 26.Rd2 Rac8 27.h4 Qf6 28.dxc5 Qxb2 29.Rxb2 bxc5
30.Rd2 a4 31.bxa4 Ra8 32.Bh3 d4 33.Bxe6 fxe6 34.Ne1 dxe3 35.Rxd8+ Rxd8 36.fxe3 c4
37.Rxc4 Rd1 38.Kf2 Rd2+ 39.Kg1 Rd1 40.Kf2 Rd2+ 41.Kg1 Rxa2 42.e4 Re2  1/2-1/2

[Event "Minsk op"]
[Site "Minsk"]
[Date "1996.??.??"]
[Round "3"]
[White "Verhovodko, Sergei"]
[Black "Tunik, Gennady"]
[Result "1/2-1/2"]
[WhiteElo "2560"]
[BlackElo "2560"]

1.d4 Nf6 2.c4 e6 3.Nf3 b6 4.g3 Ba6 5.Qa4 Bb7 6.Bg2 c5 7.e3 cxd4 8.exd4 Be7
9.O-O O-O 10.Nc3 Ne4 11.Nxe4 Bxe4 12.Bf4 d5 13.Rfe1 Nd7 14.Rac1 a5 15.cxd5 Bxd5
16.Bc7 Qe8 17.Qb5 a4 18.Ne5 Nxe5 19.Qxe8 Raxe8 20.dxe5 Bc5 21.Bxd5 exd5 22.Bd6 Bxd6
23.exd6 Rxe1+ 24.Rxe1 Rd8 25.Re5 Kf8 26.Rxd5 Ke8 27.Rd4 b5 28.Rd5 Rd7 29.Rxb5 Rxd6
30.Ra5 Rd2 31.Rxa4 Rxb2 32.Ra7 h5 33.a4 Rb4 34.a5 Ra4 35.a6 g6 36.Ra8+ Ke7
37.Kg2 Kf6 38.Kf3 Kf5 39.Ke3 Kg4 40.h4 Kf5  1/2-1/2

[Event "BLR-ch Minsk"]
[Site "Minsk"]
[Date "1996.??.??"]
[Round "10"]
[White "Lutsko, Igor"]
[Black "Smirnov, Valerij"]
[Result "0-1"]
[WhiteElo "2410"]
[BlackElo "2395"]

1.d4 Nf6 2.c4 e6 3.Nf3 b6 4.g3 Ba6 5.b3 Bb4+ 6.Bd2 Be7 7.Nc3 d5 8.cxd5 exd5
9.Bg2 O-O 10.O-O Bb7 11.Rc1 c5 12.Bf4 Na6 13.Be5 Qd7 14.Qd3 h6 15.Rfd1 Rfd8
16.Qb1 Qe6 17.Nh4 Nd7 18.Nf5 Nxe5 19.dxe5 Bf8 20.f4 Nc7 21.Rd2 Rab8 22.Rcd1 g6
23.Ne3 d4 24.Bxb7 Rxb7 25.Ne4 Ne8 26.Ng2 Rbd7 27.Qd3 Be7 28.Qf3 b5 29.g4 c4
30.Qg3 Qc6 31.Qf3 Qe6 32.Qg3 Bb4 33.f5 Qd5 34.Rxd4 Bc5 35.Nxc5 Qxc5 36.e3 Rxd4
37.exd4 Rxd4 38.Rxd4 Qxd4+ 39.Qe3 Qa1+ 40.Ne1 gxf5 41.gxf5 Qxa2 42.e6 f6
43.Qg3+ Ng7 44.bxc4 bxc4 45.Qc3 Qb1 46.e7 Qe4 47.Nf3 Kf7 48.Nd4 Qd5 49.Qe3 a5
50.Kf2 a4 51.Ke2 a3 52.Qxh6 Qe4+ 53.Kf1 a2 54.Qg6+ Kg8 55.e8=Q+ Qxe8 56.Qxe8+ Nxe8
57.Nc2 Nd6 58.Ke2 Nxf5 59.Kd2 Nd4  0-1

[Event "Mondariz op"]
[Site "Mondariz"]
[Date "1996.??.??"]
[Round "?"]
[White "Teijeiro, Barros Alberto"]
[Black "Pogorelov, Ruslan"]
[Result "0-1"]
[WhiteElo "2225"]
[BlackElo "2450"]

1.d4 Nf6 2.c4 e6 3.Nf3 b6 4.g3 Ba6 5.b3 Bb4+ 6.Bd2 Be7 7.Bg2 d5 8.Ne5 O-O
9.Bc3 c5 10.Nd2 Bb7 11.O-O Nbd7 12.Ndf3 Rc8 13.Bb2 dxc4 14.Nxc4 b5 15.Nce5 Nxe5
16.Nxe5 Bxg2 17.Kxg2 Qd5+ 18.Kg1 Rfd8 19.dxc5 Qxc5 20.Nd3 Qh5 21.Kg2 Ne4
22.Rc1 Rxc1 23.Bxc1 Nc3 24.Qc2 Qxe2 25.Qxc3 Qxd3 26.Qxd3 Rxd3 27.Be3 a5 28.Rc1 Bd8
29.Rc8 Kf8 30.Rb8 b4 31.Bb6 Ke7 32.Bxd8+ Rxd8 33.Rb5 Rd5 34.Rb7+ Kf6 35.Ra7 g5
36.h3 h5 37.Kf3 Rf5+ 38.Ke3 g4 39.hxg4 hxg4 40.Ke2 Re5+ 41.Kd3 Kg6 42.Ra8 f5
43.Rg8+ Kf7 44.Ra8 Rd5+ 45.Ke3 Kf6 46.Ra6 Ke5 47.Ke2 Rc5 48.Kd3 Kd5 49.Ra8 Rc3+
50.Kd2 Ke4 51.Rxa5 Kf3 52.Rb5 Kxf2 53.Rxb4 Rxg3 54.a4 Rf3 55.a5 g3 56.a6 g2
57.a7 g1=Q  0-1

[Event "Moscow Alekhine op"]
[Site "Moscow"]
[Date "1996.??.??"]
[Round "?"]
[White "Lastin, Alexander"]
[Black "Losev, Dmitry"]
[Result "1/2-1/2"]
[WhiteElo "2480"]
[BlackElo "2370"]

1.d4 Nf6 2.c4 e6 3.Nf3 b6 4.g3 Ba6 5.b3 Bb4+ 6.Bd2 Be7 7.Bg2 O-O 8.O-O c6
9.Bc3 d5 10.Ne5 Nfd7 11.Nxd7 Nxd7 12.Nd2 Rc8 13.e4 dxe4 14.Nxe4 b5 15.Nc5 Nxc5
16.dxc5 bxc4 17.Qg4 Bf6 18.Rad1 Bxc3 19.Rxd8 Rfxd8 20.bxc4 Bd4 21.Rd1 Bxc5
22.Bf1 Be7 23.Qf3 Bb7 24.Rxd8+ Rxd8 25.Qf4 Bd6 26.Qg5 Rd7 27.Qa5 Bc8 28.Bg2 c5
29.Qa4 Kf8 30.Qc6 Rd8 31.Qa8 Be7 32.Qxa7 Rd1+ 33.Bf1 Bd7 34.Qa8+ Be8 35.Kg2 Ra1
36.Bd3 f5 37.Be2 Kf7 38.Bf3 Bf6 39.Qa7+ Be7 40.a3 Ra2 41.h4 Kf6 42.Qa8 Kf7
43.Bh5+ g6 44.Bf3 h5 45.Bb7 Bd7 46.Qa6 Bf8 47.Qa5 Be7 48.Qc7 Be8 49.Bc8 Rd2
50.Bb7 Ra2 51.Qb6 Bd7 52.Qb3 Ra1 53.Qf3 Ra2 54.Qe3 Rb2 55.Bf3 Ba4 56.Qe1  1/2-1/2

[Event "Moscow GM4"]
[Site "Moscow"]
[Date "1996.??.??"]
[Round "?"]
[White "Dvalishvili, Pavel S"]
[Black "Kiselev, Sergey"]
[Result "1/2-1/2"]
[WhiteElo "2365"]
[BlackElo "2525"]

1.d4 Nf6 2.Nf3 e6 3.c4 b6 4.g3 Ba6 5.Qc2 c5 6.Bg2 Bb7 7.dxc5 Bxc5 8.O-O Be7
9.Nc3 d6 10.Rd1 a6 11.Bf4 O-O 12.Ng5 Bxg2 13.Kxg2 Ra7 14.Rd2 Rd7 15.Rad1 h6
16.Nge4 Ne8 17.f3 Qc7 18.Na4 Qc6 19.Qb3 f5 20.Nf2 Rb7 21.e4 g5 22.Be3 fxe4
23.fxe4 Nf6 24.Nc3 Nbd7 25.Bd4 Rf7 26.Kg1 Rc7 27.Bxf6 Rxf6 28.Ng4 Rg6 29.Qc2 Kg7
30.e5 Nxe5 31.Nxe5 Qc5+ 32.Rf2 Qxe5 33.Rdf1 Rf6 34.Ne4 Rf5 35.g4 Rf4 36.Ng3 Kh8
37.Qg6 Qf6 38.Qe8+ Qf8 39.Qg6 Qf6 40.Qe8+ Qf8 41.Qg6 Qf6 42.Qe8+ Qf8 43.Qg6  1/2-1/2

[Event "Moscow-ch"]
[Site "Moscow"]
[Date "1996.??.??"]
[Round "1"]
[White "Kiselev, Sergey"]
[Black "Grabuzova, Tatiana"]
[Result "1/2-1/2"]
[WhiteElo "2545"]
[BlackElo "2310"]

1.d4 Nf6 2.c4 e6 3.Nf3 b6 4.g3 Ba6 5.b3 d5 6.cxd5 exd5 7.Bg2 Bb4+ 8.Bd2 Bxd2+
9.Qxd2 O-O 10.Nc3 Re8  1/2-1/2